Prevalence of obesity and metabolic syndrome components in Mexican adults without type 2 diabetes or hypertension /
Se pretende estimar el número de adultos mexicanos que tienen diabetes o hipertensión arterial no diagnosticadas y el riesgo de tales condiciones asociado a la mortalidad; para lo cual se analiza una muestra de personas que participaron en la Encuesta Nacional de Salud y Nutrición. Posterior a vario...
Spremljeno u:
| Glavni autor: | |
|---|---|
| Daljnji autori: | , , , , |
| Format: | Tekst |
| Teme: | |
| Oznake: |
Dodaj oznaku
Bez oznaka, Budi prvi tko označuje ovaj zapis!
|
MARC
| LEADER | 00000 a a2200000 04500 | ||
|---|---|---|---|
| 001 | 44612 | ||
| 003 | |||
| 040 | |||
| 100 | |a Rojas-Martínez, Rosalba | ||
| 245 | |a Prevalence of obesity and metabolic syndrome components in Mexican adults without type 2 diabetes or hypertension / |c Rosalba Rojas-Martínez, Carlos A. Aguilar-Salinas, Aida Jiménez-Corona, Francisco J. Gómez-Pérez, Simón Barquera, Eduardo Lazcano-Ponce | ||
| 520 | 4 | |a Se pretende estimar el número de adultos mexicanos que tienen diabetes o hipertensión arterial no diagnosticadas y el riesgo de tales condiciones asociado a la mortalidad; para lo cual se analiza una muestra de personas que participaron en la Encuesta Nacional de Salud y Nutrición. Posterior a varios análisis se concluye que un alto porcentaje de adultos que tienen comorbilidades metabólicas de la obesidad permanece sin ser diagnosticado en el país mexicano. | |
| 590 | |a KSR/MAYO2013 | ||
| 650 | |a 1.CONDICIONES DE LA SALUD | ||
| 650 | |a 2.OBESIDAD | ||
| 650 | |a 3.DIABETES | ||
| 650 | |a 4.RIESGOS PARA LA SALUD | ||
| 650 | |a 5.SALUD PUBLICA | ||
| 650 | |a 6.MEXICO | ||
| 700 | |a Aguilar-Salinas, Carlos A. | ||
| 700 | |a Jiménez-Corona, Aida | ||
| 700 | |a Gómez-Pérez, Francisco J. | ||
| 700 | |a Barquera, Simón | ||
| 700 | |a Lazcano-Ponce, Eduardo | ||
| 773 | |g volumen54, número1 ( , 2012), páginas 7-12 : tablas | ||
| 999 | |c 31708 |d 31708 | ||
